000
00330 a2200145 4500
001
185701
020
_a
040
_c
Magnum
100
_a
Casasanta, Therezinha
240
1
0
_a
A porquinha do rabinho enrolado
_l
por
245
1
0
_a
A porquinha do rabinho enrolado
300
_a
31
697
_a
LITERATURA INFANTIL
942
_c
BK
999
_c
185701
_d
185701